[Event "Aeroflot Open A 2018"]
[Site "Moscow RUS"]
[Date "2018.02.28"]
[Round "9.10"]
[White "Mareco, Sandro"]
[Black "Alekseenko, Kirill"]
[Result "1/2-1/2"]
[WhiteTitle "GM"]
[BlackTitle "GM"]
[WhiteElo "2632"]
[BlackElo "2609"]
[WhiteFideId "112275"]
[BlackFideId "4135539"]
[EventDate "2018.02.20"]

1. Nf3 d5 2. c4 d4 3. g3 Nc6 4. Bg2 e5 5. d3 Bb4+ 6. Bd2 a5 7. O-O Nf6 8. Na3
O-O 9. Nb5 h6 10. e3 dxe3 11. Bxe3 Ng4 12. Bd2 Bf5 13. Bxb4 Nxb4 14. Nh4 Bc8 15.
a3 Nxd3 16. Qe2 c6 17. Rad1 Nf4 18. Qe4 Qe7 19. Nd6 Nxg2 20. Nxc8 Raxc8 21. Nf5
Qg5 22. Kxg2 Rce8 23. h4 Qh5 24. Rd6 Re6 25. Rxe6 fxe6 26. Nd6 Nf6 27. Qe3 b5
28. f3 Rd8 29. c5 Rf8 30. Re1 Nd5 31. Qe4 Rf6 32. Rh1 Rg6 33. Kh3 Nf6 34. Qxc6
e4 35. Nxe4 Nd5 36. Kg2 Qe5 37. Qe8+ Kh7 38. Qxb5 Ne3+ 39. Kf2 Nf5 40. g4 Qd4+
41. Ke1 Rxg4 42. fxg4 Qxe4+ 43. Kd2 Qf4+ 44. Kc3 Qe5+ 45. Kd2 Qe3+ 46. Kd1 Qf3+
47. Kd2 Qe3+ 1/2-1/2

[Event "Aeroflot Open A 2018"]
[Site "Moscow RUS"]
[Date "2018.02.28"]
[Round "9.12"]
[White "Kobalia, Mikhail"]
[Black "Andreikin, Dmitry"]
[Result "1/2-1/2"]
[WhiteTitle "GM"]
[BlackTitle "GM"]
[WhiteElo "2599"]
[BlackElo "2712"]
[WhiteFideId "4119150"]
[BlackFideId "4158814"]
[EventDate "2018.02.20"]

1. e4 e6 2. d4 d5 3. Nc3 Bb4 4. e5 c5 5. a3 Bxc3+ 6. bxc3 Qa5 7. Bd2 Qa4 8. Qb1
c4 9. h4 f6 10. Nf3 Nc6 11. Bf4 Qa5 12. Qb2 Bd7 13. g3 Nge7 14. h5 O-O-O 15. Bh3
g5 16. exf6 gxf4 17. fxe7 Rde8 18. gxf4 Rxe7 19. O-O-O Rf8 20. f5 exf5 21. Rde1
Rfe8 22. Rxe7 Rxe7 23. Rg1 Qc7 24. Kb1 Qf4 25. Rg3 Kc7 26. Bg2 Qd6 27. Qc1 a5
28. h6 f4 29. Rg5 Re2 30. Qf1 Re6 31. Bh3 Rxh6 32. Bxd7 Qxa3 33. Rxd5 Qxc3 34.
Bg4 Ne5 35. Rb5 Nxg4 36. Qg2 b6 37. Qxg4 Rh1+ 38. Ng1 Qe1+ 39. Kb2 Rxg1 40.
Qxf4+ Kc6 41. Rxb6+ Kxb6 42. Qd6+ Kb7 43. Qd7+ Kb6 44. Qd6+ 1/2-1/2

[Event "Aeroflot Open A 2018"]
[Site "Moscow RUS"]
[Date "2018.02.28"]
[Round "9.13"]
[White "Karthikeyan, Murali"]
[Black "Inarkiev, Ernesto"]
[Result "1/2-1/2"]
[WhiteTitle "GM"]
[BlackTitle "GM"]
[WhiteElo "2585"]
[BlackElo "2684"]
[WhiteFideId "5074452"]
[BlackFideId "4162722"]
[EventDate "2018.02.20"]

1. Nf3 d5 2. g3 Nf6 3. Bg2 g6 4. O-O Bg7 5. d4 O-O 6. c4 c6 7. Nbd2 Ne4 8. e3
Bf5 9. cxd5 cxd5 10. Nh4 Nxd2 11. Bxd2 Bd3 12. Re1 Nc6 13. Bc3 Ba6 14. Nf3 Rc8
15. a4 Qd6 16. Rb1 Nb4 17. Bf1 Bxf1 18. Rxf1 Rc7 19. Ne1 Rfc8 20. Qb3 Rc4 21. a5
e6 22. Nf3 Bf8 23. Ra1 R4c7 24. Ra4 Nc6 25. Ne1 Qd7 26. Nd3 Bd6 27. Raa1 Qe7 28.
Rfc1 h5 29. Qa4 h4 30. a6 bxa6 31. Qxa6 Qg5 32. Ne1 hxg3 33. hxg3 Bxg3 34. fxg3
Qxe3+ 35. Kg2 Nxd4 36. Qd3 Qxd3 37. Nxd3 Nb3 38. Rd1 Rxc3 39. bxc3 Nxa1 40. Rxa1
Rxc3 41. Ne5 Rc7 42. Ra6 Kg7 43. Nc6 Kf6 44. Nxa7 Rc2+ 45. Kf3 Rc3+ 46. Kf2 g5
47. Nb5 Rc2+ 48. Ke3 Ke5 49. Ra7 Rc5 50. Rb7 f5 51. Kd3 Rc4 52. Nc3 Rd4+ 53. Ke3
Rg4 54. Ne2 Ra4 55. Rb3 Re4+ 56. Kd2 f4 57. gxf4+ gxf4 58. Rh3 Kf5 59. Rh8 e5
60. Rd8 d4 61. Rf8+ Ke6 62. Kd3 Re3+ 63. Kd2 Rf3 64. Nc1 Rf2+ 65. Ke1 Rh2 66.
Nd3 Kd5 67. Nxf4+ exf4 68. Rxf4 Kc4 69. Rf3 Rc2 70. Kd1 Rc3 71. Rf2 Rd3+ 72. Kc2
Ra3 73. Rf8 Ra2+ 74. Kc1 Kc3 75. Rc8+ Kd3 76. Rd8 Rc2+ 77. Kd1 Rh2 78. Kc1 Rh1+
79. Kb2 Ke3 80. Kc2 Rh2+ 81. Kd1 Rg2 82. Rd7 Kd3 83. Kc1 Rg1+ 84. Kb2 Re1 85.
Rd8 Rf1 86. Rd7 Rg1 87. Rd8 Rg5 88. Kc1 Rg1+ 89. Kb2 Rd1 90. Rh8 Re1 91. Rd8 Re4
92. Kc1 Re7 93. Kd1 Ra7 94. Kc1 Rc7+ 95. Kd1 Kc3 96. Ra8 Kd3 97. Rh8 Re7 98. Ra8
Re3 99. Ra7 Re6 100. Ra3+ Ke4 101. Rh3 Ra6 102. Kd2 Ra2+ 103. Kd1 Rg2 104. Ra3
Rh2 105. Rb3 Rg2 106. Ra3 d3 107. Ra8 Rg1+ 1/2-1/2

[Event "Aeroflot Open A 2018"]
[Site "Moscow RUS"]
[Date "2018.02.28"]
[Round "9.14"]
[White "Najer, Evgeniy"]
[Black "Paravyan, David"]
[Result "0-1"]
[WhiteTitle "GM"]
[BlackTitle "GM"]
[WhiteElo "2683"]
[BlackElo "2603"]
[WhiteFideId "4118987"]
[BlackFideId "4194985"]
[EventDate "2018.02.20"]

1. e4 c5 2. Nf3 d6 3. d4 cxd4 4. Nxd4 Nf6 5. Nc3 a6 6. Be3 e5 7. Nb3 Be7 8. f3
O-O 9. Qd2 Be6 10. O-O-O Nbd7 11. g4 b5 12. a3 Rb8 13. g5 Nh5 14. Nd5 Bxd5 15.
exd5 Nf4 16. h4 Qc7 17. Bxf4 exf4 18. Qxf4 Ne5 19. Kb1 Rfc8 20. Qe4 Bf8 21. f4
Nc4 22. Nd4 Re8 23. Qf3 Re3 24. Qf2 Nxb2 25. Re1 Rxa3 26. Nc6 Na4 27. Rh3 Nc3+
28. Kc1 Rb6 29. Bg2 Rxc6 30. dxc6 Qa5 31. Rxc3 Qxc3 32. Kd1 d5 0-1

[Event "Aeroflot Open A 2018"]
[Site "Moscow RUS"]
[Date "2018.02.28"]
[Round "9.15"]
[White "Tari, Aryan"]
[Black "Piorun, Kacper"]
[Result "1/2-1/2"]
[WhiteTitle "GM"]
[BlackTitle "GM"]
[WhiteElo "2597"]
[BlackElo "2659"]
[WhiteFideId "1510045"]
[BlackFideId "1130420"]
[EventDate "2018.02.20"]

1. e4 e5 2. Nf3 Nc6 3. Bb5 a6 4. Ba4 b5 5. Bb3 Na5 6. d4 exd4 7. Qxd4 Bb7 8. O-O
d6 9. c4 Nf6 10. Nc3 c5 11. Qd3 Be7 12. Bf4 O-O 13. Rad1 bxc4 14. Bxc4 Nxc4 15.
Qxc4 Qb6 16. Rfe1 Qb4 17. Qxb4 cxb4 18. Nd5 Bxd5 19. exd5 Rfe8 20. Kf1 1/2-1/2

[Event "Aeroflot Open A 2018"]
[Site "Moscow RUS"]
[Date "2018.02.28"]
[Round "9.16"]
[White "Zvjaginsev, Vadim"]
[Black "Yuffa, Daniil"]
[Result "1-0"]
[WhiteTitle "GM"]
[BlackTitle "GM"]
[WhiteElo "2629"]
[BlackElo "2521"]
[WhiteFideId "4113403"]
[BlackFideId "24131423"]
[EventDate "2018.02.20"]

1. e4 c6 2. Nc3 d5 3. Nf3 Bg4 4. h3 Bxf3 5. Qxf3 Nf6 6. d4 dxe4 7. Qe3 Nbd7 8.
Nxe4 Nxe4 9. Qxe4 Nf6 10. Qd3 e6 11. Be2 Be7 12. O-O O-O 13. Rd1 Qc7 14. Qf3
Rfd8 15. Bf4 Qb6 16. Qb3 Nd5 17. Bd2 Rd7 18. Qxb6 axb6 19. a4 Bd6 20. Kf1 Bc7
21. c3 Rdd8 22. Bf3 h6 23. h4 Ra7 24. c4 Ne7 25. Bc3 Kf8 26. g3 Ra6 27. b3 Ra7
28. Rd2 Raa8 29. Rad1 Bd6 30. Rd3 Rd7 31. Bg4 Rdd8 32. Bf3 Rd7 33. h5 Rad8 34.
R3d2 Ra8 35. Kg2 Rc8 36. Bg4 Rdd8 37. Bf3 Rd7 38. Rd3 Rdd8 39. Be4 Ra8 40. f4
Rac8 41. Be1 Rd7 42. Kh3 Rdd8 43. Bf2 Re8 44. Bf3 Red8 45. d5 exd5 46. Bxb6 Bc7
47. Bc5 b6 48. cxd5 bxc5 49. d6 Ba5 50. dxe7+ Kxe7 51. Re3+ Kf6 52. Rxd8 Rxd8
53. Bxc6 Rd6 54. Bb5 Bb4 55. Bc4 Rd8 56. Re5 g5 57. Kg4 Rd7 58. Rf5+ Kg7 59.
fxg5 hxg5 60. Kxg5 Be1 61. h6+ Kh7 62. Rxf7+ 1-0

[Event "Aeroflot Open A 2018"]
[Site "Moscow RUS"]
[Date "2018.02.28"]
[Round "9.17"]
[White "Xu, Yi"]
[Black "Zhigalko, Sergei"]
[Result "1/2-1/2"]
[WhiteTitle "IM"]
[BlackTitle "GM"]
[WhiteElo "2490"]
[BlackElo "2625"]
[WhiteFideId "8605564"]
[BlackFideId "13502956"]
[EventDate "2018.02.20"]

1. e4 c5 2. Nf3 Nc6 3. Bb5 e6 4. Bxc6 bxc6 5. d3 Ne7 6. h4 h5 7. e5 f6 8. Nbd2
Nf5 9. Ne4 Be7 10. b3 O-O 11. Bb2 fxe5 1/2-1/2

[Event "Aeroflot Open A 2018"]
[Site "Moscow RUS"]
[Date "2018.02.28"]
[Round "9.18"]
[White "Romanov, Evgeny"]
[Black "Hakobyan, Aram"]
[Result "1/2-1/2"]
[WhiteTitle "GM"]
[BlackTitle "IM"]
[WhiteElo "2621"]
[BlackElo "2497"]
[WhiteFideId "4148843"]
[BlackFideId "13306677"]
[EventDate "2018.02.20"]

1. d4 e6 2. c4 Nf6 3. g3 Bb4+ 4. Nd2 d5 5. Bg2 O-O 6. Nf3 b6 7. O-O Bb7 8. a3
Be7 9. cxd5 exd5 10. b3 Nbd7 11. Bb2 Re8 12. Ne5 c5 13. Rc1 cxd4 14. Nc6 Bxc6
15. Rxc6 Ne5 16. Rc1 a5 17. Nb1 Bc5 18. Bxd4 Qd6 19. Nc3 Bxa3 20. Nb5 Qb4 21.
Nxa3 Qxa3 22. Bxb6 a4 23. bxa4 Qxa4 24. Bd4 h6 25. Ra1 Qxd1 26. Rfxd1 Rxa1 27.
Rxa1 Ned7 28. e3 Ne4 29. Ra5 Ndf6 30. h4 Rc8 31. Bh3 Rb8 32. Kg2 Rd8 33. Bf5 Ne8
34. g4 N4f6 35. f3 Nh7 36. Kg3 Nf8 37. h5 Nf6 38. Ra6 Ne8 39. Be5 Nd7 40. Bd4
Nf8 41. Bc5 Nc7 42. Rc6 Nce6 43. Bb6 Rb8 44. Rd6 Rb7 45. Bd4 Rd7 46. Ra6 Rd8 47.
Ra7 Nxd4 48. exd4 g6 49. hxg6 fxg6 50. Bb1 g5 51. Re7 Rd6 52. Bf5 Ng6 53. Bxg6
Rxg6 54. f4 gxf4+ 55. Kxf4 Kf8 56. Rd7 Rf6+ 57. Ke5 Rg6 58. Kf5 Rg5+ 59. Kf4 Kg8
60. Rd6 Kh7 61. Rf6 Rg8 62. Rf7+ Kg6 63. Rd7 Rf8+ 64. Ke5 Rg8 65. Kxd5 Kg5 66.
Rh7 Rg6 67. Ke5 Kxg4 68. d5 h5 69. d6 Rg8 70. d7 Rd8 71. Ke6 h4 72. Ke7 Rxd7+
73. Kxd7 h3 74. Ke6 Kg3 75. Kf5 h2 76. Rxh2 Kxh2 1/2-1/2

[Event "Aeroflot Open A 2018"]
[Site "Moscow RUS"]
[Date "2018.02.28"]
[Round "9.20"]
[White "Sjugirov, Sanan"]
[Black "Esipenko, Andrey"]
[Result "1-0"]
[WhiteTitle "GM"]
[BlackTitle "FM"]
[WhiteElo "2652"]
[BlackElo "2571"]
[WhiteFideId "4189302"]
[BlackFideId "24175439"]
[EventDate "2018.02.20"]

1. e4 c6 2. d4 d5 3. e5 Bf5 4. Nf3 e6 5. Be2 Ne7 6. O-O c5 7. c4 Nbc6 8. Nc3
dxc4 9. Bg5 a6 10. Nd2 Qxd4 11. Be3 Qd8 12. Nxc4 Nd5 13. Bf3 Nxe3 14. fxe3 Bd3
15. Qa4 Qc7 16. Nb5 axb5 17. Bxc6+ Qxc6 18. Qxa8+ Ke7 19. Nd6 Bxf1 20. Rxf1 f5
21. Rc1 c4 22. a4 g6 23. axb5 Qd7 24. Qa3 Bg7 25. Nxf5+ Kf7 26. Nd6+ Kg8 27.
Qa8+ Bf8 28. Rxc4 Kg7 29. Rc7 1-0

[Event "Aeroflot Open A 2018"]
[Site "Moscow RUS"]
[Date "2018.02.28"]
[Round "9.21"]
[White "Chigaev, Maksim"]
[Black "Bluebaum, Matthias"]
[Result "1-0"]
[WhiteTitle "GM"]
[BlackTitle "GM"]
[WhiteElo "2560"]
[BlackElo "2635"]
[WhiteFideId "4108116"]
[BlackFideId "24651516"]
[EventDate "2018.02.20"]

1. g3 d5 2. Bg2 Nf6 3. d3 c6 4. Nd2 e5 5. Ngf3 Bd6 6. O-O O-O 7. e4 Bg4 8. h3
Bh5 9. g4 Bg6 10. Nh4 Nbd7 11. Nxg6 hxg6 12. g5 Nh5 13. exd5 cxd5 14. Nb3 Nb6
15. a4 Bc7 16. a5 Nc8 17. Nc5 b6 18. Nb7 Qd7 19. Qg4 Qc6 20. a6 Ne7 21. c4 e4
22. cxd5 Qxd5 23. dxe4 Qb5 24. Be3 Rae8 25. Rac1 Bb8 26. Rfd1 Qe5 27. Bd4 Qh2+
28. Kf1 Be5 29. Bxe5 Qxe5 30. Kg1 Qxb2 31. Rc7 f5 32. gxf6 Rxf6 33. f3 Nf4 34.
Bf1 Qe5 35. Rdd7 b5 36. Nc5 b4 37. Kh1 Qa1 38. Qg1 Nh5 39. Bc4+ 1-0

[Event "Aeroflot Open A 2018"]
[Site "Moscow RUS"]
[Date "2018.02.28"]
[Round "9.22"]
[White "Indjic, Aleksandar"]
[Black "Petrosyan, Manuel"]
[Result "1-0"]
[WhiteTitle "GM"]
[BlackTitle "GM"]
[WhiteElo "2612"]
[BlackElo "2569"]
[WhiteFideId "911925"]
[BlackFideId "13300857"]
[EventDate "2018.02.20"]

1. d4 Nf6 2. c4 e6 3. Nc3 Bb4 4. Qc2 O-O 5. a3 Bxc3+ 6. Qxc3 b6 7. Nf3 Bb7 8. e3
d5 9. b4 Ne4 10. Qc2 c5 11. Bd3 Nd7 12. O-O Rc8 13. dxc5 bxc5 14. b5 f5 15. Bb2
Qe7 16. a4 Nd6 17. Ne5 Nxe5 18. Bxe5 Nxc4 19. Bxc4 dxc4 20. Qxc4 Bd5 21. Qc3 Rf7
22. f3 h5 23. h3 Kh7 24. Rfe1 Qh4 25. Kh2 Qb4 26. Qc1 c4 27. Rb1 Qxa4 28. e4 Bb7
29. exf5 exf5 30. Bc3 Qa2 31. Kg1 Rd8 32. Qg5 Rdf8 33. Rbc1 Qa3 34. Re6 Kg8 35.
Rg6 Qc5+ 36. Kh1 Qc7 37. Re1 h4 38. Qxh4 Rd8 39. Bxg7 1-0

[Event "Aeroflot Open A 2018"]
[Site "Moscow RUS"]
[Date "2018.02.28"]
[Round "9.23"]
[White "Aryan, Chopra"]
[Black "Oparin, Grigoriy"]
[Result "1/2-1/2"]
[WhiteTitle "GM"]
[BlackTitle "GM"]
[WhiteElo "2509"]
[BlackElo "2607"]
[WhiteFideId "5084423"]
[BlackFideId "24125890"]
[EventDate "2018.02.20"]

1. e4 e5 2. Nf3 Nc6 3. d4 exd4 4. Nxd4 Bc5 5. Be3 Qf6 6. c3 Nge7 7. Bc4 Ne5 8.
Be2 Qg6 9. O-O d6 10. f3 O-O 11. Nd2 d5 12. Kh1 dxe4 13. Nxe4 Bb6 14. Bf4 Nd5
15. Bg3 Re8 16. Re1 Bd7 17. a4 a5 18. Qb3 Nf6 19. Nd6 Nh5 20. Bxe5 Rxe5 21. Nxf7
Rxe2 22. Ne5+ Be6 23. Qxe6+ Qxe6 24. Nxe6 Rxb2 25. Nc4 Rc2 26. Nxb6 cxb6 27.
Rec1 Rxc1+ 28. Rxc1 Re8 29. Nd4 Nf4 30. h4 Nd3 31. Rc2 Rc8 32. g4 Rc4 33. Re2
Nc5 34. Nf5 Rxa4 35. Kg2 Ra1 36. Nd6 h6 37. Re8+ Kh7 38. Nf5 a4 39. h5 g5 1/2-1/2

[Event "Aeroflot Open A 2018"]
[Site "Moscow RUS"]
[Date "2018.02.28"]
[Round "9.24"]
[White "Antipov, Mikhail Al."]
[Black "Abdusattorov, Nodirbek"]
[Result "1-0"]
[WhiteTitle "GM"]
[BlackTitle "IM"]
[WhiteElo "2598"]
[BlackElo "2516"]
[WhiteFideId "4107012"]
[BlackFideId "14204118"]
[EventDate "2018.02.20"]

1. g3 Nf6 2. Bg2 e5 3. e4 Nc6 4. Nc3 Bc5 5. d3 a6 6. Nf3 d6 7. h3 h6 8. Qe2 Be6
9. Be3 Qd7 10. Nd5 Bxe3 11. Nxf6+ gxf6 12. Qxe3 f5 13. exf5 Bxf5 14. g4 Bg6 15.
O-O-O O-O-O 16. d4 e4 17. Nh4 d5 18. f3 exf3 19. Bxf3 Be4 20. Rhe1 Rde8 21. Qf4
Bxf3 22. Nxf3 Re6 23. Rxe6 Qxe6 24. Re1 Qg6 25. a3 Rd8 26. Ne5 Nxe5 27. Rxe5 Rd6
28. Qf5+ Kb8 29. b3 c6 30. Qf4 Ka7 31. Rf5 Re6 32. Rxf7 Re2 33. Qf5 Qd6 34. Kb2
Qh2 35. Qh7 Qb8 36. Qxh6 Kb6 37. Qf8 Re8 38. Qc5# 1-0

[Event "Aeroflot Open A 2018"]
[Site "Moscow RUS"]
[Date "2018.02.28"]
[Round "9.25"]
[White "Predke, Alexandr"]
[Black "Goryachkina, Aleksandra"]
[Result "1/2-1/2"]
[WhiteTitle "GM"]
[BlackTitle "WGM"]
[WhiteElo "2595"]
[BlackElo "2493"]
[WhiteFideId "24107581"]
[BlackFideId "4147103"]
[EventDate "2018.02.20"]

1. d4 d5 2. c4 c6 3. Nf3 Nf6 4. e3 Bf5 5. Nc3 e6 6. Nh4 Bg6 7. Nxg6 hxg6 8. g3
Nbd7 9. Qd3 Rc8 10. Bg2 Be7 11. O-O dxc4 12. Qxc4 b5 13. Qe2 b4 14. Na4 Qa5 15.
b3 c5 16. dxc5 Nxc5 17. Nxc5 Bxc5 18. Bd2 Qb6 19. Rfc1 O-O 20. Rc2 Be7 21. Rac1
Rxc2 22. Rxc2 Rd8 23. h4 Rd7 24. Qc4 Qa5 25. Bf3 Bd6 26. Qc8+ Rd8 27. Qc6 Bf8
28. Kg2 Nd7 29. Qc7 Qxc7 30. Rxc7 Ne5 31. Be1 Nxf3 32. Kxf3 a5 33. Ra7 Rd5 34.
Ke2 f5 35. Bd2 Rc5 36. Kd3 Bd6 37. Ra6 Rd5+ 38. Ke2 Kf7 39. e4 fxe4 40. Be3 Bc5
41. Bg5 Bd4 42. Rc6 Rd7 43. Rc8 e5 44. Rc4 1/2-1/2

[Event "Aeroflot Open A 2018"]
[Site "Moscow RUS"]
[Date "2018.02.28"]
[Round "9.27"]
[White "Kulaots, Kaido"]
[Black "Yakubboev, Nodirbek"]
[Result "1/2-1/2"]
[WhiteTitle "GM"]
[BlackTitle "IM"]
[WhiteElo "2582"]
[BlackElo "2462"]
[WhiteFideId "4500261"]
[BlackFideId "14203987"]
[EventDate "2018.02.20"]

1. d4 Nf6 2. c4 e6 3. Nf3 b6 4. Nc3 Bb4 5. e3 Bb7 6. Bd3 O-O 7. O-O d5 8. cxd5
exd5 9. a3 Bxc3 10. bxc3 Nbd7 11. a4 Ne4 12. a5 c5 13. a6 Bc6 14. Bb2 Qe7 15.
Qe2 Rac8 16. c4 Rfd8 17. Rfd1 h6 18. dxc5 Ndxc5 19. Bc2 Ba8 20. cxd5 Bxd5 21.
Nd4 Nd6 22. e4 Bc4 23. Qe1 Bxa6 24. e5 Ne8 25. Nf5 Qc7 26. Qe3 Ne6 27. Rdc1 Qxc2
28. Rxc2 Rxc2 29. h4 Rd3 30. Qe4 Rxb2 31. Rxa6 Rd1+ 32. Kh2 Rxf2 33. Rxa7 Rd8
34. Ne7+ Kh8 35. Nc6 Rc8 36. Qe3 Rf4 37. g3 Rf1 38. Kg2 Rb1 39. Qf3 N8c7 40. Ne7
Rf8 41. Qc6 Rb5 42. Qe4 Rc5 43. Nf5 b5 44. Nd6 Kg8 45. Kh2 Rd5 46. Ra2 b4 47.
Qxb4 Rxe5 48. Rf2 Nd5 49. Qb7 Nc5 50. Qa7 Nf6 51. Rb2 Nce4 52. Nxe4 Rxe4 53. Kg2
h5 54. Rb8 Rxb8 55. Qxb8+ Re8 56. Qb5 Rd8 57. Qa5 Rd5 58. Qb4 g6 59. Qc4 Rf5 60.
Qd4 Ng4 61. Qc3 Re5 62. Qd4 Re2+ 63. Kg1 Re8 64. Qd2 Re4 65. Kg2 Kh7 66. Qa2 Re7
67. Qd2 Ne3+ 68. Kf2 Nf5 69. Qa2 Rb7 70. Qd5 Rb2+ 71. Ke1 Rb1+ 72. Ke2 Kg8 73.
Qe5 Rb3 74. Qe8+ Kg7 75. Qe5+ Kh7 76. Qd5 Kg8 77. Kf2 Rb2+ 78. Kf3 Rb3+ 79. Kf2
Ra3 80. Qd8+ Kg7 81. Qd2 Rb3 82. Qa2 Rd3 83. Qa1+ Kh7 84. Qa2 Rd7 85. Kf3 Rc7
86. Kf2 Nh6 87. Kg2 Rd7 88. Qb3 Rd2+ 89. Kg1 Rd6 90. Kg2 Re6 91. Qb7 Kg8 92.
Qb8+ Kg7 93. Qb2+ f6 94. Qb3 Re7 95. Qb4 Nf5 96. Kf2 Rd7 97. Qa5 Rb7 98. Qc5 Rd7 1/2-1/2

[Event "Aeroflot Open A 2018"]
[Site "Moscow RUS"]
[Date "2018.02.28"]
[Round "9.28"]
[White "Wen, Yang"]
[Black "Praggnanandhaa, R"]
[Result "1/2-1/2"]
[WhiteTitle "GM"]
[BlackTitle "IM"]
[WhiteElo "2608"]
[BlackElo "2507"]
[WhiteFideId "8602956"]
[BlackFideId "25059530"]
[EventDate "2018.02.20"]

1. Nf3 Nf6 2. c4 e6 3. g3 d5 4. Bg2 dxc4 5. O-O a6 6. Qc2 Bd6 7. Qxc4 b5 8. Qb3
Bb7 9. d3 Nbd7 10. Nc3 O-O 11. a4 b4 12. Nb1 a5 13. Nbd2 h6 14. Qc2 Qe7 15. b3
e5 16. Bb2 e4 17. dxe4 Nxe4 18. Nc4 Nef6 19. Nd4 Bxg2 20. Kxg2 Ne5 21. Ne3 Ned7
22. Nc4 Ne5 23. Rad1 Nxc4 24. Qxc4 Qe5 25. Ba1 Rfe8 26. Rfe1 Ne4 27. e3 Qh5 28.
f3 Ng5 29. h4 Ne6 30. Nb5 Qc5 31. Rc1 Qxc4 32. Rxc4 Rad8 33. Rd1 1/2-1/2

[Event "Aeroflot Open A 2018"]
[Site "Moscow RUS"]
[Date "2018.02.28"]
[Round "9.29"]
[White "Salomon, Johan"]
[Black "Svane, Rasmus"]
[Result "0-1"]
[WhiteTitle "GM"]
[BlackTitle "GM"]
[WhiteElo "2503"]
[BlackElo "2586"]
[WhiteFideId "1509500"]
[BlackFideId "4657101"]
[EventDate "2018.02.20"]

1. c4 c6 2. Nf3 d5 3. e3 Nf6 4. Nc3 a6 5. h3 Nbd7 6. cxd5 cxd5 7. d4 e6 8. Bd3
Bd6 9. O-O b5 10. b3 Bb7 11. Bb2 O-O 12. Ne2 Qb8 13. Rc1 b4 14. Rc2 a5 15. Bb5
Rd8 16. Qd3 h6 17. Ra1 Ne8 18. Rac1 Nef6 19. Ra1 Ne8 20. Rac1 Nc7 21. Bxd7 Rxd7
22. Ne5 Re7 23. Nc6 Bxc6 24. Rxc6 Ne8 25. f3 Rc7 26. Rxc7 Nxc7 27. e4 Qb5 28.
Qc2 Ne8 29. e5 Bc7 30. f4 a4 31. Rf1 Ra6 32. Bc1 Rc6 33. Qd1 axb3 34. axb3 Bb6
35. Be3 Nc7 36. g4 Qa6 37. f5 Qa2 38. Nc1 Qb2 39. Rf2 Qb1 40. Qd2 Rc3 41. Kh2
exf5 42. Ne2 Rd3 43. Qxb4 Rxe3 44. Qxb6 Qe1 45. Rg2 Ne6 46. gxf5 Ng5 47. Ng1
Rxh3+ 0-1

[Event "Aeroflot Open A 2018"]
[Site "Moscow RUS"]
[Date "2018.02.28"]
[Round "9.30"]
[White "Repka, Christopher"]
[Black "Sarana, Alexey"]
[Result "0-1"]
[WhiteTitle "IM"]
[BlackTitle "GM"]
[WhiteElo "2513"]
[BlackElo "2577"]
[WhiteFideId "14918781"]
[BlackFideId "24133795"]
[EventDate "2018.02.20"]

1. Nf3 d5 2. d4 Nf6 3. c4 e6 4. Nc3 dxc4 5. e3 a6 6. Bxc4 b5 7. Bb3 Bb7 8. O-O
c5 9. e4 cxd4 10. Nxd4 Nc6 11. Nxc6 Qxd1 12. Rxd1 Bxc6 13. Bg5 Nxe4 14. Nxe4
Bxe4 15. a4 Be7 16. Re1 Bc6 17. axb5 axb5 18. Rxa8+ Bxa8 19. Rc1 Kd7 20. Rd1+
Bd6 21. Bf4 Bd5 22. Bxd5 Bxf4 23. Bf3+ Ke7 24. Bc6 b4 25. Rd7+ Kf6 26. Bb7 Be5
27. b3 g5 28. h3 h5 29. Kf1 Kg6 30. Ke2 f5 31. f3 Kf6 32. Kd3 h4 33. Ke3 Bc3 34.
Rd6 Ke7 35. Rc6 Kd7 36. Rc4 Rb8 37. Bc6+ Kd6 38. Ba4 Rd8 39. f4 gxf4+ 40. Rxf4
Rg8 41. Kf2 Rh8 42. Kf3 Kd5 43. Rc4 e5 44. Bd7 e4+ 45. Ke2 Rh5 46. Kf1 Rh7 47.
Ba4 Ke5 48. Rc8 Kf4 49. Rc5 Ra7 50. Ke2 Rg7 51. Kf1 Rg6 52. Rd5 Ke3 53. Rxf5 Rd6
54. Kg1 Rd1+ 55. Rf1 Be1 56. Bb5 Kd2 0-1

[Event "Aeroflot Open A 2018"]
[Site "Moscow RUS"]
[Date "2018.02.28"]
[Round "9.31"]
[White "Liu, Yan"]
[Black "Narayanan, S.L."]
[Result "1/2-1/2"]
[WhiteTitle "IM"]
[BlackTitle "GM"]
[WhiteElo "2476"]
[BlackElo "2573"]
[WhiteFideId "8608962"]
[BlackFideId "5058422"]
[EventDate "2018.02.20"]

1. Nf3 Nf6 2. c4 c5 3. b3 g6 4. Bb2 Bg7 5. g3 d6 6. Bg2 e5 7. d3 O-O 8. O-O Nc6
9. Nc3 h6 10. Nd2 Be6 11. Nde4 Qd7 12. Nxf6+ Bxf6 13. Nd5 Bg7 14. e3 Bh3 15.
Bxh3 Qxh3 16. Qf3 Kh8 17. a3 Qd7 18. b4 f5 19. b5 Nd8 20. Qg2 Ne6 21. f4 Rae8
22. Rae1 Nc7 23. Nxc7 Qxc7 24. Qd5 Re7 25. Kh1 Rfe8 26. e4 exf4 27. Bxg7+ Kxg7
28. gxf4 Re6 29. Re2 Qf7 30. Rfe1 b6 31. e5 Qe7 32. Qf3 Qh4 33. exd6 Qxe1+ 34.
Rxe1 Rxe1+ 35. Kg2 R1e6 36. Qb7+ Kf6 37. Qc7 Re2+ 38. Kf1 Re1+ 39. Kf2 R1e2+ 40.
Kf1 Re1+ 41. Kf2 R8e2+ 42. Kg3 g5 43. d7 Re3+ 44. Kf2 R1e2+ 45. Kf1 Re1+ 1/2-1/2

[Event "Aeroflot Open A 2018"]
[Site "Moscow RUS"]
[Date "2018.02.28"]
[Round "9.32"]
[White "Gholami, Aryan"]
[Black "Pichot, Alan"]
[Result "1/2-1/2"]
[WhiteTitle "IM"]
[BlackTitle "GM"]
[WhiteElo "2489"]
[BlackElo "2552"]
[WhiteFideId "12513342"]
[BlackFideId "110973"]
[EventDate "2018.02.20"]

1. Nf3 Nf6 2. g3 g6 3. b3 d5 4. Bb2 c5 5. Bg2 Bg7 6. c4 d4 7. b4 Nc6 8. b5 Na5
9. d3 O-O 10. O-O Ne8 11. Nbd2 Qc7 12. Ba3 b6 13. Nb3 Nb7 14. Bb2 Ned6 15. a4 a5
16. Qc2 e5 17. e3 Bf5 18. exd4 exd4 19. Rae1 Rfe8 20. Bc1 h6 21. h4 Qd7 1/2-1/2

[Event "Aeroflot Open A 2018"]
[Site "Moscow RUS"]
[Date "2018.02.28"]
[Round "9.34"]
[White "Shinkevich, Vitaly"]
[Black "Xu, Yinglun"]
[Result "0-1"]
[WhiteTitle "IM"]
[BlackTitle "GM"]
[WhiteElo "2454"]
[BlackElo "2538"]
[WhiteFideId "4122690"]
[BlackFideId "8604940"]
[EventDate "2018.02.20"]

1. e4 e6 2. d4 d5 3. Nc3 Nf6 4. Bg5 dxe4 5. Nxe4 Nbd7 6. Nf3 h6 7. Nxf6+ Nxf6 8.
Be3 Be7 9. Bd3 Nd5 10. Bd2 c5 11. dxc5 Bxc5 12. Qe2 O-O 13. O-O-O Qb6 14. g4
Bxf2 15. g5 hxg5 16. Nxg5 f5 17. Qh5 Nf6 18. Qh3 Rd8 19. Bf4 Rd4 20. Bd2 Bd7 21.
Qf3 Ra4 22. a3 Rc8 23. Rhf1 Bc5 24. Be2 Bd4 25. b4 a5 26. Qb3 axb4 27. Bxb4 Be3+
28. Kb1 Bxg5 29. Rxf5 Rxa3 0-1